000
00304nam a2200133Ia 4500
100
_a
Ghadyalji/Vaishali K
650
_a
Communication Skill
942
_c
BK
245
_a
Communication Skill
260
_b
Nandu Book House
_a
Mumbai
_c
2009
082
_a
372.6/GHA
_b
GHA
546
_a
ENGLISH
999
_c
30214
_d
30214